[Event "Yerevan op 1st"]
[Site "Yerevan"]
[Date "2016.10.08"]
[Round "7"]
[White "Ohanyan, Emin"]
[Black "Margaryan, Roman"]
[Result "1-0"]
[WhiteElo "1508"]
[BlackElo "1463"]
[PlyCount "103"]
[EventDate "2016.10.02"]
[EventType "swiss"]
[EventRounds "9"]
[EventCountry "ARM"]
[SourceTitle "EXT 2017"]
[Source "ChessBase"]
[SourceDate "2016.10.25"]
[SourceVersion "1"]
[SourceVersionDate "2016.10.25"]
[SourceQuality "1"]

1. e4 c5 2. Nf3 d6 3. d4 cxd4 4. Nxd4 Nf6 5. Nc3 g6 6. Be3 Bg7 7. f3 0-0 8. Qd2 Nc6 9. Bc4 Bd7 10. Bb3 Ne5 11. 0-0-0 Qa5 12. h4 Rfc8 13. h5 Rc4 14. f4 Rxc3 15. Qxc3 Qxc3 16. bxc3 Neg4 17. Rde1 Nxe4 18. hxg6 hxg6 19. Bd2 Nxd2 20. Kxd2 e5 21. Nf3 Kf8 22. Ng5 Bh6 23. Ref1 Kg7 24. Rxh6 Kxh6 25. Rh1+ Kg7 26. Rh7+ Kg8 27. Bxf7+ Kf8 28. Rh8+ Ke7 29. Rxa8 e4 30. Rxa7 e3+ 31. Ke2 Bb5+ 32. c4 Bc6 33. Bd5 Bxd5 34. cxd5 Nf2 35. Rxb7+ Kf8 36. Kxe3 Nd1+ 37. Kd2 Nf2 38. a4 Ke8 39. a5 Kd8 40. a6 Kc8 41. Rh7 Kb8 42. a7+ Ka8 43. Ne6 g5 44. Nd8 Ne4+ 45. Ke1 Nf6 46. Rf7 Ne8 47. Nc6 g4 48. Rf8 g3 49. Rxe8+ Kb7 50. a8Q+ Kb6 51. Qa5+ Kb7 52. Rb8# 1-0

[Event "Yerevan op 1st"]
[Site "Yerevan"]
[Date "2016.10.03"]
[Round "2"]
[White "Gasparyan, Mher"]
[Black "Margaryan, Roman"]
[Result "1-0"]
[WhiteElo "1894"]
[BlackElo "1463"]
[PlyCount "45"]
[EventDate "2016.10.02"]
[EventType "swiss"]
[EventRounds "9"]
[EventCountry "ARM"]
[SourceTitle "EXT 2017"]
[Source "ChessBase"]
[SourceDate "2016.10.25"]
[SourceVersion "1"]
[SourceVersionDate "2016.10.25"]
[SourceQuality "1"]

1. e4 c5 2. Nf3 d6 3. d4 cxd4 4. Nxd4 Nf6 5. Nc3 g6 6. Be3 Bg7 7. f3 0-0 8. Qd2 Nc6 9. 0-0-0 d5 10. Nxc6 bxc6 11. exd5 Nxd5 12. Nxd5 cxd5 13. Qxd5 Qc7 14. Qc5 Qb7 15. Qa3 Bf5 16. Bd3 Rab8 17. b3 Bxd3 18. Rxd3 Rfc8 19. Qa5 Qc6 20. c4 Rb5 21. Rd8+ Bf8 22. Rxc8 Qe6 23. Rxf8+ 1-0